[Event "Olongapo City Puregold op-B"]
[Site "Olongapo City"]
[Date "2015.11.20"]
[Round "6"]
[White "Sherwin, James T"]
[Black "Infiesto, James"]
[Result "1-0"]
[WhiteElo "2206"]
[BlackElo "1950"]
[PlyCount "139"]
[EventDate "2015.11.17"]
[EventType "swiss"]
[EventRounds "9"]
[EventCountry "PHI"]
[SourceTitle "EXT 2017"]
[Source "ChessBase"]
[SourceDate "2016.10.25"]
[SourceVersion "1"]
[SourceVersionDate "2016.10.25"]
[SourceQuality "1"]

1. e4 e5 2. Bc4 Nf6 3. d3 Nc6 4. Nc3 Be7 5. f4 d6 6. Nf3 0-0 7. 0-0 Na5 8. Bb3 Nxb3 9. axb3 exf4 10. Bxf4 Bg4 11. h3 Bh5 12. Qe1 a6 13. Kh1 Bg6 14. g4 Re8 15. Qg3 Nd7 16. Rg1 Nf8 17. h4 f6 18. Nd5 Ne6 19. Bd2 c6 20. Ba5 Qb8 21. Nb6 Ra7 22. Nd7 Qc8 23. Qf2 c5 24. Nb6 Qc6 25. Nd5 Qd7 26. h5 Bf7 27. h6 Rf8 28. Nh4 g6 29. Bc3 Nd4 30. Nxe7+ Qxe7 31. Bxd4 cxd4 32. Qxd4 Raa8 33. Raf1 Be6 34. Nf5 Bxf5 35. gxf5 g5 36. c4 Rad8 37. Ra1 Rf7 38. Kg2 Qe5 39. Qf2 Rc7 40. b4 Kf7 41. Ra5 Qe7 42. b5 axb5 43. Rxb5 Rg8 44. Ra1 Rc5 45. Qd4 Rxb5 46. cxb5 Qe5 47. Qxe5 dxe5 48. Ra7 Rb8 49. Ra3 Ke7 50. Kf3 Kd6 51. Rc3 Rd8 52. Ke3 Rd7 53. Rc8 Rc7 54. Rd8+ Rd7 55. Rf8 Ke7 56. Rg8 Kf7 57. Rh8 Rd4 58. Rxh7+ Kg8 59. Rg7+ Kh8 60. Rg6 Rb4 61. Rxf6 Rxb5 62. Rg6 Kh7 63. Rxg5 Kxh6 64. Rg2 Rb6 65. Rg6+ Rxg6 66. fxg6 Kxg6 67. d4 exd4+ 68. Kxd4 Kf6 69. Kd5 Ke7 70. Ke5 1-0

[Event "BCF-ch rapidplay"]
[Site "Halifax"]
[Date "2010.11.21"]
[Round "10"]
[White "Sherwin, James T"]
[Black "Summerscale, Aaron"]
[Result "0-1"]
[WhiteElo "2246"]
[BlackElo "2434"]
[PlyCount "132"]
[EventDate "2010.11.20"]
[EventType "swiss (rapid)"]
[EventRounds "11"]
[EventCountry "ENG"]
[SourceTitle "EXT 2011"]
[Source "ChessBase"]
[SourceDate "2010.11.26"]
[SourceVersion "1"]
[SourceVersionDate "2010.11.26"]
[SourceQuality "1"]

1. d4 d5 2. c4 e6 3. Nf3 Nf6 4. g3 Bb4+ 5. Bd2 Be7 6. Bg2 0-0 7. 0-0 c6 8. Qc2 b6 9. Bf4 Nbd7 10. Nbd2 Nh5 11. Rac1 Nxf4 12. gxf4 Bb7 13. e3 Rc8 14. cxd5 cxd5 15. Qd3 Nb8 16. Qb1 Nc6 17. a3 a5 18. Rfe1 Ba6 19. Bf1 Bxf1 20. Rxf1 Qd7 21. Qd3 Qb7 22. Rc2 Na7 23. Rfc1 Rxc2 24. Rxc2 Bd6 25. Ng5 g6 26. Ngf3 a4 27. Ne5 b5 28. Nb1 Kg7 29. Nc3 f6 30. Nf3 Qd7 31. Kh1 Rb8 32. Ne1 Nc8 33. Qd1 Nb6 34. Nd3 Nc4 35. Na2 Rc8 36. Nab4 Qb7 37. Qf3 Kf7 38. Qh3 h5 39. Qf3 Nb6 40. f5 exf5 41. Rxc8 Qxc8 42. Nxd5 Qb7 43. e4 Nxd5 44. exd5 Qe7 45. Kg2 Qe4 46. Qxe4 fxe4 47. Nc5 f5 48. f3 exf3+ 49. Kxf3 g5 50. h3 g4+ 51. hxg4 fxg4+ 52. Kf2 h4 53. Ne4 Bf4 54. Nc3 h3 55. d6 g3+ 56. Kf3 g2 57. Ne2 Bxd6 58. Ng1 h2 59. Kxg2 hxg1Q+ 60. Kxg1 Ke6 61. Kf2 Kd5 62. Ke3 Bf8 63. Kd3 Bg7 64. Kc3 Bxd4+ 65. Kb4 Kc6 66. b3 Bc5+ 0-1

[Event "BCF-ch rapidplay"]
[Site "Halifax"]
[Date "2010.11.20"]
[Round "6"]
[White "Woolley, Jos"]
[Black "Sherwin, James T"]
[Result "0-1"]
[WhiteElo "2099"]
[BlackElo "2246"]
[PlyCount "63"]
[EventDate "2010.11.20"]
[EventType "swiss (rapid)"]
[EventRounds "11"]
[EventCountry "ENG"]
[SourceTitle "EXT 2011"]
[Source "ChessBase"]
[SourceDate "2010.11.26"]
[SourceVersion "1"]
[SourceVersionDate "2010.11.26"]
[SourceQuality "1"]

1. e4 c5 2. Nf3 Nc6 3. Bb5 g6 4. 0-0 Bg7 5. Nc3 Nd4 6. Re1 a6 7. Bf1 d6 8. h3 Nf6 9. d3 Nxf3+ 10. Qxf3 0-0 11. Bg5 h6 12. Bd2 e5 13. a4 b6 14. Rab1 Be6 15. b4 Rc8 16. bxc5 Rxc5 17. Be2 Qc7 18. Nd1 Rxc2 19. Bxh6 Bxh6 20. Qxf6 Ba2 21. Ra1 Qd8 22. Qf3 b5 23. axb5 axb5 24. d4 exd4 25. Bxb5 Qb6 26. Bd3 Rd2 27. Re2 Rxe2 28. Qxe2 Be6 29. Rb1 Qc5 30. Qc2 Ra8 31. Nb2 Qxc2 32. Bxc2 0-1

[Event "4NCL-ch rapid"]
[Site "Newport Pagnell"]
[Date "2010.10.10"]
[Round "8"]
[White "Kilpatrick, Callum"]
[Black "Sherwin, James T"]
[Result "0-1"]
[WhiteElo "2247"]
[BlackElo "2246"]
[PlyCount "68"]
[EventDate "2010.10.10"]
[EventType "swiss (rapid)"]
[EventRounds "9"]
[EventCountry "ENG"]
[SourceTitle "CBM 138 Extra"]
[Source "ChessBase"]
[SourceDate "2010.10.29"]
[SourceVersion "1"]
[SourceVersionDate "2010.10.29"]
[SourceQuality "1"]

1. e4 c5 2. Nf3 Nc6 3. Bb5 g6 4. Bxc6 dxc6 5. d3 Bg7 6. h3 Nf6 7. Nc3 Nd7 8. Be3 e5 9. Qd2 Qe7 10. Bh6 f6 11. Bxg7 Qxg7 12. Ng1 0-0 13. Nge2 Rd8 14. 0-0 Nf8 15. Qe3 Ne6 16. f4 Nd4 17. Rac1 Be6 18. b3 b5 19. Ng3 c4 20. dxc4 bxc4 21. Na4 Qe7 22. f5 gxf5 23. exf5 Bd5 24. Rf2 Kh8 25. c3 Nb5 26. Nc5 Rg8 27. b4 Nd6 28. Nce4 Nxe4 29. Nxe4 Rad8 30. Re1 Bxe4 31. Qxe4 Rd3 32. Qxc4 Rxh3 33. Rd1 Qg7 34. Rfd2 Qg3 0-1

[Event "4NCL-ch rapid"]
[Site "Newport Pagnell"]
[Date "2010.10.10"]
[Round "5"]
[White "Sherwin, James T"]
[Black "Martyn, Rafe"]
[Result "0-1"]
[WhiteElo "2246"]
[BlackElo "2292"]
[PlyCount "72"]
[EventDate "2010.10.10"]
[EventType "swiss (rapid)"]
[EventRounds "9"]
[EventCountry "ENG"]
[SourceTitle "CBM 138 Extra"]
[Source "ChessBase"]
[SourceDate "2010.10.29"]
[SourceVersion "1"]
[SourceVersionDate "2010.10.29"]
[SourceQuality "1"]

1. d4 Nf6 2. Nf3 e6 3. c4 b6 4. g3 Ba6 5. Qc2 Bb7 6. Bg2 c5 7. dxc5 bxc5 8. 0-0 Nc6 9. Nc3 Be7 10. Rd1 a6 11. Bf4 0-0 12. Rd2 Qb6 13. a3 Nd4 14. Nxd4 Bxg2 15. Kxg2 cxd4 16. Na4 Qc6+ 17. Kg1 d6 18. Rdd1 h6 19. Rac1 Rac8 20. b4 e5 21. Bd2 Ne4 22. Be1 f5 23. Nb2 Bg5 24. Rb1 d5 25. f3 Be3+ 26. Kg2 dxc4 27. fxe4 fxe4 28. Qxc4+ Qxc4 29. Nxc4 Rxc4 30. a4 Rc2 31. b5 Rxe2+ 32. Kh3 axb5 33. axb5 h5 34. b6 g5 35. b7 g4+ 36. Kh4 Rxh2# 0-1

[Event "4NCL-chT rapid"]
[Site "Newport Pagnell"]
[Date "2010.10.09"]
[Round "3"]
[White "Sherwin, James T"]
[Black "Cox, John J"]
[Result "0-1"]
[WhiteElo "2246"]
[BlackElo "2398"]
[PlyCount "95"]
[EventDate "2010.10.09"]
[EventType "team (rapid)"]
[EventRounds "9"]
[EventCountry "ENG"]
[SourceTitle "CBM 138 Extra"]
[Source "ChessBase"]
[SourceDate "2010.10.29"]
[SourceVersion "1"]
[SourceVersionDate "2010.10.29"]
[SourceQuality "1"]

1. d4 d5 2. c4 c6 3. Nf3 Nf6 4. Nc3 dxc4 5. a4 Bf5 6. e3 e6 7. Bxc4 Bb4 8. 0-0 0-0 9. Qe2 Bg4 10. h3 Bh5 11. Rd1 Nbd7 12. e4 Qe7 13. e5 Nd5 14. Ne4 f6 15. g4 Bg6 16. exf6 gxf6 17. Bh6 Rf7 18. Bd3 Kh8 19. Kh1 Rg8 20. h4 Bd6 21. Rg1 Bf4 22. g5 Bh5 23. Ng3 Bxg3 24. fxg3 fxg5 25. g4 Nf4 26. Qe3 Nxd3 27. gxh5 g4 28. Bg5 Qd6 29. Rxg4 Qd5 30. Rf1 Ne1 31. Rf4 Rxf4 32. Bxf4 Nxf3 33. Qxf3 Qxf3+ 34. Rxf3 Kg7 35. Rg3+ Kf7 36. Rf3 Ke8 37. h6 Rf8 38. Kg2 Nb6 39. a5 Nd5 40. Be5 Rxf3 41. Kxf3 Kf7 42. h5 Nf6 43. a6 bxa6 44. Bb8 Nxh5 45. Bxa7 Nf6 46. Kf4 Nd7 47. Kg5 Ke7 48. Bc5+ 0-1

[Event "BCF-chT2b 0910 (4NCL)"]
[Site "England"]
[Date "2010.01.17"]
[Round "4.1"]
[White "Thomas, Nicholas"]
[Black "Sherwin, James T"]
[Result "1/2-1/2"]
[WhiteElo "2291"]
[BlackElo "2235"]
[PlyCount "55"]
[EventDate "2009.10.24"]
[EventType "team-tourn"]
[EventRounds "11"]
[EventCountry "ENG"]
[SourceTitle "EXT 2010"]
[Source "ChessBase"]
[SourceDate "2010.11.25"]
[SourceVersion "1"]
[SourceVersionDate "2010.11.25"]
[SourceQuality "1"]
[WhiteTeam "Warwicks Select"]
[BlackTeam "Bristol"]
[WhiteTeamCountry "ENG"]
[BlackTeamCountry "ENG"]

1. e4 e5 2. Nf3 Nc6 3. d4 exd4 4. Bc4 Nf6 5. 0-0 Nxe4 6. Re1 d5 7. Bxd5 Qxd5 8. Nc3 Qf5 9. Nxe4 Be6 10. Bg5 Bc5 11. Nh4 Qd5 12. c4 Qe5 13. Nf6+ gxf6 14. Rxe5 fxe5 15. Bf6 Rg8 16. Qh5 Be7 17. Qxh7 0-0-0 18. Bxe7 Nxe7 19. Nf3 Ng6 20. Qh6 Bxc4 21. Re1 Bd5 22. Nxe5 Nxe5 23. Rxe5 Rxg2+ 24. Kf1 Rg6 25. Qf4 d3 26. Re7 Bg2+ 27. Kg1 Bh3+ 28. Kh1 1/2-1/2

[Event "Wch Seniors 19th"]
[Site "Condino"]
[Date "2009.11.07"]
[Round "11"]
[White "Klundt, Klaus"]
[Black "Sherwin, James T"]
[Result "1/2-1/2"]
[WhiteElo "2337"]
[BlackElo "2234"]
[PlyCount "61"]
[EventDate "2009.10.27"]
[EventType "swiss"]
[EventRounds "11"]
[EventCountry "ITA"]
[SourceTitle "EXT 2010"]
[Source "ChessBase"]
[SourceDate "2010.11.25"]
[SourceVersion "1"]
[SourceVersionDate "2010.11.25"]
[SourceQuality "1"]

1. e4 c5 2. Nf3 e6 3. d4 cxd4 4. Nxd4 Nc6 5. Nc3 Qc7 6. Be3 a6 7. Qd2 Nf6 8. 0-0-0 Bb4 9. f3 0-0 10. a3 Be7 11. g4 b5 12. g5 Ne8 13. Bf4 d6 14. Nxc6 Qxc6 15. h4 Rb8 16. h5 a5 17. Bd3 b4 18. Nb1 e5 19. Be3 Be6 20. g6 Nf6 21. Rdg1 bxa3 22. Nxa3 d5 23. Qg2 Ng4 24. exd5 Qxd5 25. fxg4 Qa2 26. gxf7+ Rxf7 27. Qe4 Qxb2+ 28. Kd1 Bxa3 29. Rf1 Qb7 30. Qxh7+ Kf8 31. Rxf7+ 1/2-1/2

[Event "Wch Seniors 19th"]
[Site "Condino"]
[Date "2009.11.05"]
[Round "9"]
[White "Muratoglu, Salih"]
[Black "Sherwin, James T"]
[Result "0-1"]
[WhiteElo "2111"]
[BlackElo "2234"]
[PlyCount "94"]
[EventDate "2009.10.27"]
[EventType "swiss"]
[EventRounds "11"]
[EventCountry "ITA"]
[SourceTitle "EXT 2010"]
[Source "ChessBase"]
[SourceDate "2010.11.25"]
[SourceVersion "1"]
[SourceVersionDate "2010.11.25"]
[SourceQuality "1"]

1. d4 Nf6 2. c4 c5 3. Nf3 cxd4 4. Nxd4 e6 5. Nc3 Bb4 6. Qc2 Nc6 7. e3 0-0 8. Be2 d5 9. Nxc6 bxc6 10. 0-0 Bd6 11. Rd1 Bb7 12. c5 Be7 13. a3 a5 14. Na4 Nd7 15. Rb1 Ba6 16. Bxa6 Rxa6 17. e4 Qa8 18. Be3 Rc8 19. Rd3 e5 20. f4 exf4 21. Bxf4 Qa7 22. exd5 cxd5 23. Rxd5 Qb7 24. Rbd1 Nf6 25. R5d4 Re6 26. b4 axb4 27. axb4 h6 28. Qd3 Ne4 29. Nb6 Re8 30. Rd7 Qc6 31. Rc7 Nxc5 32. Rxc6 Nxd3 33. Rxe6 Nxf4 34. Re3 Bc5 35. bxc5 Rxe3 36. g3 Ne6 37. Rc1 Nc7 38. Rd1 Rc3 39. Rd8+ Kh7 40. Nd7 Kg6 41. Rc8 Ne6 42. Kf2 Kf5 43. c6 Ke4 44. h4 Rc2+ 45. Kf1 Kf3 46. Ne5+ Kxg3 47. Nxf7 Rf2+ 0-1

[Event "Wch Seniors 19th"]
[Site "Condino"]
[Date "2009.10.31"]
[Round "5"]
[White "Plachetka, Jan"]
[Black "Sherwin, James T"]
[Result "1-0"]
[WhiteElo "2378"]
[BlackElo "2234"]
[PlyCount "75"]
[EventDate "2009.10.27"]
[EventType "swiss"]
[EventRounds "11"]
[EventCountry "ITA"]
[SourceTitle "EXT 2010"]
[Source "ChessBase"]
[SourceDate "2010.11.25"]
[SourceVersion "1"]
[SourceVersionDate "2010.11.25"]
[SourceQuality "1"]

1. e4 e5 2. Nf3 Nc6 3. Bb5 a6 4. Ba4 Nf6 5. 0-0 Be7 6. Re1 b5 7. Bb3 d6 8. c3 0-0 9. h3 Nb8 10. d4 Nbd7 11. Nbd2 Bb7 12. a4 c5 13. d5 c4 14. Bc2 Nc5 15. Nf1 Re8 16. Ng3 g6 17. Bh6 Bf8 18. Qd2 Bg7 19. Nh2 Qe7 20. Rf1 Bxh6 21. Qxh6 Qf8 22. Qd2 Qg7 23. a5 Bc8 24. f4 Qh6 25. Rad1 exf4 26. Rxf4 Nh5 27. Nxh5 Qxh5 28. Rdf1 Ra7 29. Nf3 Qh6 30. Nd4 Nxe4 31. Qe1 Nf6 32. Qf2 Nxd5 33. Rxf7 Rae7 34. Rxe7 Rxe7 35. Nc6 Rc7 36. Be4 Ne3 37. Qf6 Nxf1 38. Bd5+ 1-0

[Event "Wch Seniors 19th"]
[Site "Condino"]
[Date "2009.10.30"]
[Round "4"]
[White "Sherwin, James T"]
[Black "Werner, Clemens"]
[Result "1/2-1/2"]
[WhiteElo "2234"]
[BlackElo "2339"]
[PlyCount "78"]
[EventDate "2009.10.27"]
[EventType "swiss"]
[EventRounds "11"]
[EventCountry "ITA"]
[SourceTitle "EXT 2010"]
[Source "ChessBase"]
[SourceDate "2010.11.25"]
[SourceVersion "1"]
[SourceVersionDate "2010.11.25"]
[SourceQuality "1"]

1. Nf3 c5 2. e4 d6 3. d4 cxd4 4. Nxd4 Nf6 5. Nc3 g6 6. Be3 Bg7 7. f3 0-0 8. Qd2 Nc6 9. Bc4 Nxd4 10. Bxd4 Be6 11. Bb3 Qa5 12. 0-0-0 Rfc8 13. Kb1 Rc6 14. Rhe1 Bxb3 15. cxb3 Rac8 16. a3 a6 17. b4 Qh5 18. h4 e6 19. Rh1 Nd7 20. g4 Qh6 21. Be3 Bxc3 22. Bxh6 Bxd2 23. Rxd2 Ne5 24. Rf1 f6 25. Bf4 Nc4 26. Rd3 Kf7 27. Rfd1 Ke7 28. g5 e5 29. gxf6+ Kxf6 30. Bc1 Ke6 31. b3 Nb6 32. f4 Rf8 33. fxe5 Kxe5 34. Bb2+ Ke6 35. h5 Nd7 36. hxg6 hxg6 37. Rg3 Rg8 38. Rdg1 Kf7 39. Rf1+ Ke6 1/2-1/2

[Event "Bristol SBC op"]
[Site "Bristol"]
[Date "2009.08.15"]
[Round "2"]
[White "Sherwin, James T"]
[Black "Hosken, Nigel"]
[Result "1-0"]
[WhiteElo "2236"]
[BlackElo "2109"]
[PlyCount "123"]
[EventDate "2009.08.14"]
[EventType "swiss"]
[EventRounds "5"]
[EventCountry "ENG"]
[SourceTitle "CBM 131 Extra"]
[Source "ChessBase"]
[SourceDate "2009.09.03"]
[SourceVersion "2"]
[SourceVersionDate "2009.09.16"]
[SourceQuality "1"]

1. d4 d5 2. c4 c6 3. Nf3 Nf6 4. Qc2 e6 5. e3 Be7 6. Bd3 0-0 7. 0-0 Nbd7 8. Nc3 Re8 9. Rd1 a6 10. e4 dxe4 11. Nxe4 Nxe4 12. Bxe4 Nf6 13. Bd3 b6 14. Bg5 h6 15. Bf4 Bb7 16. Ne5 Rf8 17. Qc1 Re8 18. Qe3 Bf8 19. Qf3 Rc8 20. Rac1 Qe7 21. c5 b5 22. Bb1 Nd5 23. Bg3 Qf6 24. Qe4 g6 25. Nd7 Qg7 26. Be5 Qh7 27. Nxf8 Kxf8 28. h4 f5 29. Qf3 Kf7 30. Re1 Rg8 31. g4 h5 32. g5 Rge8 33. a3 Kg8 34. Re2 Qd7 35. Rce1 Ra8 36. Bd6 Qf7 37. Ba2 Rad8 38. Qg3 Kh7 39. Re5 Kg8 40. R5e2 Kh7 41. Qe5 Kg8 42. Kh2 Ra8 43. Qg3 Qd7 44. Be5 Kf7 45. Bf6 Qc7 46. Be5 Qd7 47. Bd6 Kg8 48. Qe5 Qf7 49. Kg3 Rad8 50. Bxd5 cxd5 51. Kf4 Qg7 52. Qxg7+ Kxg7 53. Rxe6 Rxe6 54. Rxe6 Rd7 55. Re8 Kf7 56. Rf8+ Kg7 57. Rb8 Kf7 58. Ke5 Bc6 59. Rb6 Ba8 60. Rxa6 Rd8 61. Ra7+ Kg8 62. Kf6 1-0

[Event "South Wales Winter op"]
[Site "Newport"]
[Date "2008.01.06"]
[Round "4"]
[White "Sherwin, James T"]
[Black "Jiles, David C"]
[Result "0-1"]
[WhiteElo "2184"]
[BlackElo "1876"]
[PlyCount "50"]
[EventDate "2008.01.04"]
[EventType "swiss"]
[EventRounds "5"]
[EventCountry "WLS"]
[SourceTitle "EXT 2010"]
[Source "ChessBase"]
[SourceDate "2010.11.25"]
[SourceVersion "1"]
[SourceVersionDate "2010.11.25"]
[SourceQuality "1"]

1. c3 Nf6 2. g3 d5 3. Bg2 e5 4. d4 e4 5. Bg5 Be7 6. e3 Nbd7 7. c4 c6 8. Bxf6 Nxf6 9. Nc3 0-0 10. cxd5 cxd5 11. Qb3 b5 12. Bf1 b4 13. Na4 Qa5 14. Nc5 Bxc5 15. dxc5 Nd7 16. Qc2 Nxc5 17. Rc1 b3+ 18. Qc3 Qxc3+ 19. Rxc3 bxa2 20. Ra3 Be6 21. b4 Rfb8 22. b5 d4 23. exd4 Nd3+ 24. Bxd3 exd3 25. Kd2 Rxb5 0-1

[Event "South Wales Winter op"]
[Site "Newport"]
[Date "2008.01.05"]
[Round "2"]
[White "Brown, Thomas"]
[Black "Sherwin, James T"]
[Result "1/2-1/2"]
[WhiteElo "2024"]
[BlackElo "2184"]
[PlyCount "63"]
[EventDate "2008.01.04"]
[EventType "swiss"]
[EventRounds "5"]
[EventCountry "WLS"]
[SourceTitle "EXT 2010"]
[Source "ChessBase"]
[SourceDate "2010.11.25"]
[SourceVersion "1"]
[SourceVersionDate "2010.11.25"]
[SourceQuality "1"]

1. d4 d5 2. c4 c6 3. Nc3 Nf6 4. e3 e6 5. Nf3 Nbd7 6. Qc2 Bd6 7. b3 0-0 8. Bd3 Re8 9. Bb2 e5 10. Nxe5 Nxe5 11. dxe5 Bxe5 12. cxd5 cxd5 13. Ne2 Bg4 14. Bxe5 Rxe5 15. 0-0 Rc8 16. Qb2 Qe7 17. Qd4 a6 18. Rac1 Rd8 19. h3 Bxe2 20. Bxe2 Ne4 21. Qb6 Re6 22. Qc7 g6 23. Rfd1 Qh4 24. g3 Qf6 25. Bf3 Qxf3 26. Qxd8+ Kg7 27. Rf1 Nxg3 28. fxg3 Qxg3+ 29. Kh1 Qxh3+ 30. Kg1 Qg3+ 31. Kh1 Qh3+ 32. Kg1 1/2-1/2

[Event "South Wales Winter op"]
[Site "Newport"]
[Date "2008.01.05"]
[Round "3"]
[White "Sherwin, James T"]
[Black "Turner, John David"]
[Result "1/2-1/2"]
[WhiteElo "2184"]
[BlackElo "1951"]
[PlyCount "59"]
[EventDate "2008.01.04"]
[EventType "swiss"]
[EventRounds "5"]
[EventCountry "WLS"]
[SourceTitle "EXT 2010"]
[Source "ChessBase"]
[SourceDate "2010.11.25"]
[SourceVersion "1"]
[SourceVersionDate "2010.11.25"]
[SourceQuality "1"]

1. Nf3 Nf6 2. d4 c5 3. d5 e6 4. c4 exd5 5. cxd5 a6 6. a4 g6 7. Nc3 d6 8. h3 Bg7 9. Bf4 0-0 10. Nd2 Nh5 11. Bh2 f5 12. g3 Nd7 13. e3 Ne5 14. Be2 Qe7 15. Kf1 Nf6 16. Kg2 h5 17. f4 Nf7 18. Bg1 Bd7 19. a5 Ne4 20. Ndxe4 fxe4 21. Bf2 Nh6 22. Kh2 Rf7 23. Qc2 Re8 24. Rhg1 Bf6 25. Rh1 Nf5 26. Qb3 Nd4 27. Qd1 Nxe2 28. Qxe2 Bxc3 29. bxc3 Qf6 30. c4 1/2-1/2